000 00505nam a2200181Ia 4500
005 20260429112242.0
008 260429s9999||||xx |||||||||||||| ||und||
020 _a9788186311971
041 _aHindi
082 _a891.430
_bPRE
100 _aप्रेमचंद
245 0 _aनिर्मला /
_cप्रेमचंद
250 _a0
260 _aदिल्ली :
_bप्रकाशन संस्थान,
_c2019.
300 _a144 p.; Hb
650 _aStories
942 _cTB
999 _c53136
_d53136